000 00833nam a2200229Ii 4500
003 JO-AjNU
008 230605s9999||||xx |||||||||||||| ||und||
017 _a2005/18035
020 _a977-327-582-5
040 _aJO-AjNU
_bara
_erda
_cJO-AjNU
041 _aara
050 1 4 _aQ127.A65 H37 2006
100 3 _aحربي، خالد,
_eauthor
_917553
245 0 0 _a نماذج لعلوم الحضارة الاسلامية و اثرها في الآخر
250 _aد.ط
264 3 1 _aالاسكندرية: دار الوفاء لدنيا الطباعة والنشر، 2006
300 _a211ص
336 _atext
_btxt
_2rdacontent
337 _aunmediated
_bn
_2rdamedia
338 _avolume
_bnc
_2rdacarrier
650 4 _aالعلوم عند العرب- الحضارة الاسلامية- الطب النفسي- تاريخ
_917554
999 _aA5444
_c9012
_d9012